The CIAM Discourse on Urbanism, 1928-1960 : (Record no. 582208)

MARC details
000 -LEADER
fixed length control field 00487nam a2200193 a 4500
008 - FIXED-LENGTH DATA ELEMENTS--GENERAL INFORMATION
fixed length control field 250814s2002##################000#0#eng##
020 ## - INTERNATIONAL STANDARD BOOK NUMBER
ISBN 9780262632638
082 04 - DEWEY DECIMAL CLASSIFICATION NUMBER
Classification number 724.6
Item number MUM
100 1# - MAIN ENTRY--AUTHOR NAME
Personal name Mumford, Eric Paul,
245 10 - TITLE STATEMENT
Title The CIAM Discourse on Urbanism, 1928-1960 :
260 ## - PUBLICATION, DISTRIBUTION, ETC. (IMPRINT)
Name of publisher MIT Press,
Year of publication 2002.
300 ## - PHYSICAL DESCRIPTION
Number of Pages 408 pages
650 #0 - SUBJECT ADDED ENTRY--TOPICAL TERM
Topical Term Architecture.
942 ## - ADDED ENTRY ELEMENTS (KOHA)
Koha item type English Books

No items available.

Find us on the map